000
00308nam a22001337a 4500
008
260212b ||||| |||| 00| 0 eng d
020
_a
0003804
041
_a
shqip;
080
_a
0.2
100
_a
20
101
_a
shqip
245
_a
Shtatë Ditë Rizbulimi të Amerikës
_c
Moikom Zeqo
942
_2
lcc
_c
BK
999
_c
60793
_d
60793